| 000 | 00381nam a22001577a 4500 | ||
|---|---|---|---|
| 003 | CEME | ||
| 005 | 20210628205037.0 | ||
| 008 | 210204b xxu||||| |||| 00| 0 eng d | ||
| 040 | _c. | ||
| 082 | _a297 MUH | ||
| 100 |
_aKhalid Mehmood _947743 |
||
| 245 | _aHamari pareshanian aur un ka hal | ||
| 260 |
_aLAHORE _bISLAMIC PUBLICATIONS _c2004 |
||
| 300 | _a115P | ||
| 942 |
_cBK _2ddc |
||
| 999 |
_c579273 _d579273 |
||